Statistics for National Things In India

Click here to take the quiz!

General Stats

  • This quiz has been taken 19 times
  • The average score is 4 of 15

Answer Stats

National ThingAnswer% Correct
FlowerLotus
85%
AnimalBengal Tiger
77%
FruitMango
77%
BirdPeacock
62%
SportHockey
46%
Holidays (3)Independence Day | Republic Day | Gandhi Jayanti
23%
SweetJalebi
23%
ColorSaffron
23%
Water AnimalGanges River Dolphin
15%
FoodKhichdi
8%
Musical InstrumentVeena
8%
TreeFicus bengalensis
0%
ButterflyKrishna Peacock
0%
Board GamePachisi
0%
BookThe Constitution of India
0%

Score Distribution

Percentile by Number Answered

Percent of People with Each Score

Your Score History

You have not taken this quiz